<?xml version="1.0" encoding="UTF-8"?>
<record
    xmlns:xsi="http://www.w3.org/2001/XMLSchema-instance"
    xsi:schemaLocation="http://www.loc.gov/MARC21/slim http://www.loc.gov/standards/marcxml/schema/MARC21slim.xsd"
    xmlns="http://www.loc.gov/MARC21/slim">

  <leader>01168    a2200205   4500</leader>
  <controlfield tag="001">54583</controlfield>
  <controlfield tag="005">20260407155820.0</controlfield>
  <controlfield tag="008">260407a1979    arg                 spa d</controlfield>
  <controlfield tag="003">AR-UNSa-BCEJYS</controlfield>
  <datafield tag="040" ind1=" " ind2=" ">
    <subfield code="a">AR-UNSa-BCEJYS</subfield>
    <subfield code="b">spa</subfield>
    <subfield code="c">AR-UNSa-BCEJYS</subfield>
  </datafield>
  <datafield tag="080" ind1=" " ind2=" ">
    <subfield code="a">32</subfield>
    <subfield code="x">Pol&#xED;tica</subfield>
  </datafield>
  <datafield tag="245" ind1="1" ind2="0">
    <subfield code="a">Compendio de ciencia pol&#xED;tica</subfield>
    <subfield code="p">Teor&#xED;a pol&#xED;tica I</subfield>
  </datafield>
  <datafield tag="264" ind1=" " ind2="1">
    <subfield code="a">Buenos Aires :</subfield>
    <subfield code="b">Ediciones Depalma</subfield>
    <subfield code="c">1979</subfield>
  </datafield>
  <datafield tag="300" ind1=" " ind2=" ">
    <subfield code="a">383 p.</subfield>
    <subfield code="c">23 cm.</subfield>
  </datafield>
  <datafield tag="505" ind1=" " ind2=" ">
    <subfield code="a">Vol. I: 1. El conocimiento de lo pol&#xED;tico &#x2013; 2. Sistematizaci&#xF3;n te&#xF3;rica &#x2013; 3. Sistematizaci&#xF3;n general &#x2013; 4. La realidad pol&#xED;tica &#x2013; 5. La acci&#xF3;n pol&#xED;tica &#x2013; 6. El comportamiento pol&#xED;tico &#x2013; 7. El poder pol&#xED;tico &#x2013; 8. La autoridad pol&#xED;tica &#x2013; 9. La relaci&#xF3;n del poder basada en la negociaci&#xF3;n &#x2013; 10. La relaci&#xF3;n del poder basada en el liderazgo pol&#xED;tico &#x2013; 11. La dominaci&#xF3;n pol&#xED;tica &#x2013; 12. Las bases de legitimidad del poder pol&#xED;tico &#x2013; 13. Teor&#xED;a de la clase pol&#xED;tica o dirigente &#x2013; 14. Teor&#xED;a de la burocracia &#x2013; 15. El sistema pol&#xED;tico &#x2013; 16. Proceso del sistema pol&#xED;tico.</subfield>
  </datafield>
  <datafield tag="041" ind1=" " ind2=" ">
    <subfield code="a">spa</subfield>
  </datafield>
  <datafield tag="942" ind1=" " ind2=" ">
    <subfield code="c">BK</subfield>
  </datafield>
  <datafield tag="590" ind1=" " ind2=" ">
    <subfield code="a">niveau_biblio:m niveau_hierar:0</subfield>
  </datafield>
  <datafield tag="100" ind1="1" ind2=" ">
    <subfield code="a">Melo, Artemio Luis</subfield>
  </datafield>
  <datafield tag="999" ind1=" " ind2=" ">
    <subfield code="c">5658</subfield>
    <subfield code="d">5658</subfield>
  </datafield>
  <datafield tag="952" ind1=" " ind2=" ">
    <subfield code="0">0</subfield>
    <subfield code="1">0</subfield>
    <subfield code="4">0</subfield>
    <subfield code="7">0</subfield>
    <subfield code="a">BCEJYS</subfield>
    <subfield code="b">BCEJYS</subfield>
    <subfield code="c">16</subfield>
    <subfield code="d">2026-04-07</subfield>
    <subfield code="l">0</subfield>
    <subfield code="o">32 M528 v.1</subfield>
    <subfield code="p">L13754</subfield>
    <subfield code="r">2026-04-07 15:58:20</subfield>
    <subfield code="w">2026-04-07</subfield>
    <subfield code="y">L</subfield>
  </datafield>
</record>
